Kooperacijata i pazarnata ikonomika.
Skúmanie úlohy a problémov družstevníctva v podmienkach prechodu k trhovému hospodárstvu. Objasnenie podstaty družstevného vlastníctva a zdôvodnenie práva na jeho existenciu. Zdôraznenie úlohy družstevných zväzov, centier, bánk a ďalších družstevných inštitúcií. Problémy, ktoré musí družstvo v trans...
Salvato in:
| Autore principale: | |
|---|---|
| Natura: | Capitolo di libro |
| Lingua: | bulgaro |
| Soggetti: | |
| Tags: |
Nessun Tag, puoi essere il primo ad aggiungerne!!
|
MARC
| LEADER | 00000naa a2200000 4500 | ||
|---|---|---|---|
| 001 | r007599 | ||
| 005 | 20221125115004.6 | ||
| 041 | 0 | |a bul | |
| 044 | |a BG | ||
| 245 | 1 | 0 | |a Kooperacijata i pazarnata ikonomika. |c I. Lucov |
| 520 | |a Skúmanie úlohy a problémov družstevníctva v podmienkach prechodu k trhovému hospodárstvu. Objasnenie podstaty družstevného vlastníctva a zdôvodnenie práva na jeho existenciu. Zdôraznenie úlohy družstevných zväzov, centier, bánk a ďalších družstevných inštitúcií. Problémy, ktoré musí družstvo v transformačnom procese riešiť. | ||
| 610 | 2 | 0 | |a družstvá |
| 610 | 2 | 0 | |a družstevníctvo |
| 610 | 2 | 0 | |a hospodárstvo trhové |
| 610 | 2 | 0 | |a vlastníctvo družstevné |
| 610 | 2 | 0 | |a BR |
| 610 | 2 | 0 | |a reformy hospodárske |
| 100 | 1 | |a Lucov, I. | |